A szakképzés "műhelyében"
Elmentve itt :
| Dokumentumtípus: | Cikk |
|---|---|
| Megjelent: |
1964-12-05
|
| Sorozat: | Délmagyarország
54 No. 285 |
| Kulcsszavak: | Oktatás szakképzés Szeged 1964, szakmunkásképzés, ipari tanulók |
| Online Access: | http://dmarchiv.bibl.u-szeged.hu/73662 |
| LEADER | 00455nab a2200145 i 4500 | ||
|---|---|---|---|
| 001 | delm73662 | ||
| 005 | 20180928082627.0 | ||
| 008 | 180928s1964 hu o 0|| hun d | ||
| 040 | |a SZTE Délmagyarország Archívum |b hun | ||
| 041 | |a hun | ||
| 245 | 0 | 2 | |a A szakképzés "műhelyében" |h [elektronikus dokumentum] |
| 260 | |c 1964-12-05 | ||
| 300 | |a 3 | ||
| 490 | 0 | |a Délmagyarország |v 54 No. 285 | |
| 695 | |a Oktatás szakképzés Szeged 1964, szakmunkásképzés, ipari tanulók | ||